Т. 60, № 4; Российский химический журнал

Dades bibliogràfiques
Parent link:Российский химический журнал: научно-теоретический журнал по химии и химической технологии/ Российское химическое общество им. Д. И. Менделеева (РХО). Т. 60, № 4.— , 1992-
Idioma:rus
Publicat: 2016
Format: MixedMaterials Llibre
KOHA link:https://koha.lib.tpu.ru/cgi-bin/koha/opac-detail.pl?biblionumber=566394

MARC

LEADER 00000nam2a2200000 4500
001 566394
005 20231101124111.0
035 |a (RuTPU)RU\TPU\prd\263019 
090 |a 566394 
100 |a 20160926a19569999k y0rusy50 ca 
101 0 |a rus 
102 |a RU 
200 0 |a Т. 60, № 4 
210 |d 2016 
461 1 |0 (RuTPU)RU\TPU\prd\688  |t Российский химический журнал  |o научно-теоретический журнал по химии и химической технологии  |o ЖРХО им. Д. И. Менделеева  |f Российское химическое общество им. Д. И. Менделеева (РХО)  |v Т. 60, № 4  |d 1992- 
801 0 |a RU  |b 63413507  |c 20010227  |g PSBO 
801 1 |a RU  |b 63413507  |c 20160926 
801 2 |a RU  |b 63413507  |c 20230615  |g RCR 
942 |c BK 
999 |a НТБ_ТПУ  |b НФ  |e -1/20160111  |p П-6033  |s 1/20160622  |u 0,00  |v 1